Born in Cleveland - Statistics

General Stats
  • This quiz has been taken 63 times
    15 since last reset
  • The average score is 9 of 36
Answer Stats
Hint Answer % Correct
Actress and first African-American woman to win the Academy Award for Best Actress, "Catwoman" "Monster's Ball" "Die Another Day" 1966 Halle Berry
73%
Comedian and actor, he gained stardom in his own sitcom and has hosted "The Price Is Right" since 2007 1958 Drew Carey
64%
Former college football coach, the award to the most outstanding college football player is named after him 1869 John Heisman
64%
Singer, "Fast Car" "Talkin' bout a Revolution" 1964 Tracy Chapman
64%
Actor, comedian and former talk show host, "Coming to America" 1956 Arsenio Hall
55%
YouTube personality and boxer, he has been the subject of many controversies 1997 Jake Paul
45%
Actress, known for her role as Wicked Witch of the West in "The Wizard of Oz" 1902 Margaret Hamilton
45%
Cornerback who plays for the Cleveland Browns 1997 Denzel Ward
36%
Rapper and actor, "Day 'n' Nite" "Pursuit of Happiness" "Just Look Up" 1984 Kid Cudi
36%
Turkish-American television personality and retired physician, he has been criticized for giving non-scientific advice on his medical talks show 1960 Mehmet Oz
36%
Director, "A Nightmare on Elm Street" "Scream" 1939 Wes Craven
36%
Actor, "Succession" "Ferris Bueller's Day Off" 1956 Alan Ruck
27%
Rapper, "Rockstar" "Suge", several of his appearances were cancelled in 2021 after homophobic remarks 1991 DaBaby
27%
Composer of film scores, "The Pink Panther" "Breakfast at Tiffany's" "Romeo and Juliet" 1924 Henry Mancini
27%
Cornerback who plays for the Washington Commanders 1996 Marshon Lattimore
27%
Director, known for working with his brother, "Avengers: Endgame" "Avengers: Infinity War" "The Gray Man" 1970 Anthony Russo
18%
Music manager, best known for his controversial management of N.W.A. and Eazy-E 1940 Jerry Heller
18%
Comic book writer and co-creator of "Superman" 1914 Jerry Siegel
18%
Director, known for working with his brother, "Avengers: Endgame" "Avengers: Infinity War" "The Gray Man" 1971 Joe Russo
18%
Head coach of the Arizona Cardinals since 2023 1983 Jonathan Gannon
18%
Actress, known for her role as Betty Cooper in "Riverdale" 1996 Lili Reinhart
18%
Founder of the Communist Party USA 1882 C. E. Ruthenberg
9%
Billionaire, media mogul and founder of HBO 1926 Charles Dolan
9%
Nobel Prize winning physicist for his invention of the bubble chamber used in subatomic particle physics 1926 Donald A. Glaser
9%
Secreatry of Health and Human Services from 1993 to 2001 1941 Donna Shalala
9%
Secretary of Labor from 2019 to 2021 and son of a former Supreme Court Justice 1963 Eugene Scalia
9%
Actress, "Alien: Romulus" "Dora and the Lost City of Gold" "Instant Family" 2001 Isabela Merced
9%
Actor, known for his role as Richard Webber in "Grey's Anatomy" 1954 James Pickens Jr.
9%
Actor, known for his role as astronaut David Bowman in "2001: A Space Odyssey" 1936 Keir Dullea
9%
Fencer and three-time Olympic champion in women's foil, most decorated women's foil fencer in American history 1994 Lee Kiefer
9%
Director, "Toy Story 3" "Coco" 1967 Lee Unkrich
9%
Secretary of Housing and Urban Development since 2021 1952 Marcia Fudge
9%
Co-founder of Apple, but he sold his 10% share for 800 dollars twelve days after founding the company 1934 Ronald Wayne
9%
Actress, "American Gangster" "Do the Right Thing" "The Jackie Robinson Story" 1922 Ruby Dee
9%
Inventor of the crash test dummy 1914 Samuel W. Alderson
9%
Nobel Prize winning chemist 1919 William Lipscomb
9%
No matching quizzes found
Score Distribution
Percent of People with Each Score
Percentile by Number Answered
Your Score History
You have not taken this quiz since the last reset